000 00347cam a2200145ua 4500
041 _aeng
_h
082 _a338.52
_bDOR/PR
100 _aDorfman, Resbert .
245 _aPrice system /
_cResbert Dorfman.
_hTextual Documents
260 _a :
_bPrentice Hall Inc ,
_c1965.
300 _a153 ; .
504 _a
942 _cBK
999 _c3095
_d3095